000 00307nam a22001337a 4500
008 170926b xxu||||| |||| 00| 0 eng d
020 _a003120654931
041 _aeng
080 _a37
100 _a46
101 _aEDU
245 _athe bedford guide for college writers
_ckenendy, X.K
942 _2udc
_cBK
999 _c29832
_d29832